|
|
|
|
| LEADER |
00000caa a22000002c 4500 |
| 001 |
1525862243 |
| 003 |
DE-627 |
| 005 |
20220604104720.0 |
| 007 |
tu |
| 008 |
160223s1994 xx ||||| 00| ||ger c |
| 020 |
|
|
|a 3980367606
|
| 035 |
|
|
|a (DE-627)1525862243
|
| 035 |
|
|
|a (DE-576)455862249
|
| 035 |
|
|
|a (DE-599)BSZ455862249
|
| 040 |
|
|
|a DE-627
|b ger
|c DE-627
|e rakwb
|
| 041 |
|
|
|a ger
|
| 100 |
1 |
|
|a Simon, Bernd
|0 (DE-627)1233082132
|0 (DE-576)163082138
|4 aut
|
| 109 |
|
|
|a Simon, Bernd
|a Simon, B.
|
| 245 |
1 |
0 |
|a Vorurteil, Stereotyp und Diskrimiminierung. Erklärungsansatz aus sozialpsychologischer Sicht
|c Bernd Simon
|
| 264 |
|
1 |
|c 1994
|
| 336 |
|
|
|a Text
|b txt
|2 rdacontent
|
| 337 |
|
|
|a ohne Hilfsmittel zu benutzen
|b n
|2 rdamedia
|
| 338 |
|
|
|a Band
|b nc
|2 rdacarrier
|
| 773 |
0 |
8 |
|i In
|t Rechtsextremismus und Gewalt
|d Mönchengladbach : Fachhochsch. Niederrhein, Fachbereich Sozialwesen, 1994
|g (1994), Seite 105-122
|h 196 S
|w (DE-627)717577570
|w (DE-576)039189104
|z 3980367606
|7 nnam
|
| 773 |
1 |
8 |
|g year:1994
|g pages:105-122
|
| 935 |
|
|
|a mkri
|
| 951 |
|
|
|a AR
|
| ELC |
|
|
|b 1
|
| LOK |
|
|
|0 000 xxxxxcx a22 zn 4500
|
| LOK |
|
|
|0 001 2899326457
|
| LOK |
|
|
|0 003 DE-627
|
| LOK |
|
|
|0 004 1525862243
|
| LOK |
|
|
|0 005 20260216120837
|
| LOK |
|
|
|0 008 160208||||||||||||||||ger|||||||
|
| LOK |
|
|
|0 040
|a DE-21-110
|c DE-627
|d DE-21-110
|
| LOK |
|
|
|0 689
|a s
|a Rechtsextremismus
|
| LOK |
|
|
|0 689
|a s
|a Sozialpsychologie
|
| LOK |
|
|
|0 689
|a s
|a Vorurteile
|
| LOK |
|
|
|0 852
|a DE-21-110
|
| LOK |
|
|
|0 852 1
|m p
|9 00
|
| LOK |
|
|
|0 935
|a k110
|
| LOK |
|
|
|0 938
|k p
|
| LOK |
|
|
|0 939
|a 08-02-16
|b l01
|
| ORI |
|
|
|a WA-MARC-krimdoka001.raw
|